Box Office Decades: 1990s - Statistics

General Stats
  • This quiz has been taken 282 times
  • The average score is 37 of 100
Answer Stats
Year $$$ Movie % Correct
1997 $2.26B Titanic
91%
1993 $1.10B Jurassic Park
87%
1995 $394M Toy Story
82%
1991 $517M Terminator 2: Judgment Day
78%
1994 $979M The Lion King
78%
1991 $451M Beauty and the Beast
69%
1994 $678M Forrest Gump
69%
1999 $1.04B Star Wars: Episode I - The Phantom Menace
69%
1999 $467M The Matrix
69%
1999 $497M Toy Story 2
67%
1992 $504M Aladdin
65%
1996 $817M Independence Day
64%
1997 $618M The Lost World: Jurassic Park
64%
1990 $424M Dances with Wolves
62%
1990 $476M Home Alone
62%
1996 $457M Mission: Impossible
62%
1998 $482M Saving Private Ryan
62%
1991 $272M The Silence of the Lambs
62%
1990 $505M Ghost
58%
1998 $363M A Bug's Life
56%
1995 $336M Batman Forever
55%
1997 $589M Men in Black
55%
1995 $346M Pocahontas
55%
1993 $322M Schindler's List
53%
1992 $266M Batman Returns
51%
1990 $240M Die Hard 2
51%
1999 $356M American Beauty
49%
1998 $304M Mulan
49%
1995 $328M Seven
49%
1994 $351M The Mask
49%
1995 $366M Die Hard with a Vengeance
47%
1992 $358M Home Alone 2: Lost in New York
47%
1999 $672M The Sixth Sense
47%
1993 $441M Mrs. Doubtfire
45%
1998 $553M Armageddon
44%
1993 $206M Philadelphia
42%
1999 $448M Tarzan
42%
1996 $335M The Rock
42%
1990 $463M Pretty Woman
38%
1991 $390M Robin Hood: Prince of Thieves
38%
1998 $289M Shakespeare in Love
38%
1993 $368M The Fugitive
38%
1995 $352M GoldenEye
36%
1993 $227M Sleepless in Seattle
36%
1994 $350M Speed
36%
1994 $378M True Lies
36%
1994 $247M Dumb and Dumber
35%
1996 $293M Jerry Maguire
35%
1995 $355M Apollo 13
33%
1992 $321M Lethal Weapon 3
33%
1990 $245M Back to the Future Part III
31%
1997 $333M Tomorrow Never Dies
31%
1996 $494M Twister
31%
1997 $314M As Good as It Gets
29%
1992 $352M Basic Instinct
29%
1998 $379M Godzilla
29%
1992 $411M The Bodyguard
29%
1999 $417M The Mummy
29%
1998 $369M There's Something About Mary
29%
1990 $261M Total Recall
29%
1992 $243M A Few Good Men
27%
1990 $201M Kindergarten Cop
27%
1998 $285M Lethal Weapon 4
27%
1997 $302M Liar Liar
27%
1996 $325M The Hunchback of Notre Dame
27%
1999 $361M The World Is Not Enough
27%
1991 $300M Hook
25%
1992 $231M Sister Act
25%
1995 $264M Waterworld
25%
1998 $349M Deep Impact
24%
1997 $299M My Best Friend's Wedding
24%
1999 $313M Austin Powers: The Spy Who Shagged Me
22%
1994 $245M Four Weddings and a Funeral
22%
1995 $262M Jumanji
22%
1993 $270M The Firm
22%
1996 $293M The Nutty Professor
22%
1991 $182M Cape Fear
20%
1991 $179M City Slickers
20%
1991 $205M JFK
20%
1991 $191M The Addams Family
20%
1997 $315M Air Force One
18%
1992 $215M Bram Stoker's Dracula
18%
1999 $364M Notting Hill
18%
1994 $223M Interview with the Vampire
16%
1993 $195M The Pelican Brief
16%
1995 $288M Casper
15%
1993 $255M Cliffhanger
15%
1994 $341M The Flintstones
15%
1992 $183M Wayne's World
15%
1996 $320M 101 Dalmatians
13%
1994 $215M Clear and Present Danger
13%
1998 $294M Doctor Dolittle
13%
1996 $309M Ransom
13%
1996 $242M Eraser
11%
1991 $181M Hot Shots!
11%
1997 $263M The Fifth Element
11%
1993 $266M Indecent Proposal
9%
1990 $202M Teenage Mutant Ninja Turtles
9%
1997 $257M The Full Monty
9%
1990 $221M Presumed Innocent
7%
No matching quizzes found
Score Distribution
Percent of People with Each Score
Percentile by Number Answered
Your Score History
You have not taken this quiz